Cities in African History #1 - Statistics

General Stats
  • This quiz has been taken 11 times
  • The average score is 13 of 20
Answer Stats
Description City % Correct
Last capital of the Abbasid Caliphate Cairo
100%
Where three American Black Hawk helicopters were shot down in 1993 Mogadishu
100%
The destination of a classic off-road race held from 1978–2007 Dakar
90%
Ancient Egyptian capital formerly known as "Thebes" Luxor
90%
City in Mali that was once a prosperous center of trans-Saharan trade Timbuktu
90%
Was founded by the legendary Queen Dido Carthage
80%
This Ottoman province capital was the primary hub for Barbary pirates, who raided European coasts until the early 1800s Algiers
70%
Established in 1886 shortly after gold was discovered nearby Johannesburg
70%
In 2026, the national capital of Equatorial Guinea was moved from here to Ciudad de la Paz Malabo
70%
Coastal city in East Africa that was controlled by either Portugal or Oman between 1593–1824 Mombasa
70%
Upon its completion, this Ivorian city's Basilica of Our Lady of Peace surpassedSaint Peter's Basilica to become the world's largest church in 1990 Yamoussoukro
70%
Was originally named "Natal" by Vasco da Gama Durban
50%
Home to the Chouara Tannery from the 11th century, one of the oldest tanneries in the world Fez
50%
Where the army blockaded the presidential palace in 2023 to depose President Mohamed Bazoum Niamey
50%
Former sultanate which was once the world's largest clove producer Zanzibar
50%
City in Uganda where airline hijack victims were rescued in 1976 Entebbe
40%
National capital that was named after a tribal chief of the Tswana people Gaborone
40%
Its bronzes were stolen in 1897 and later put on display in the British Museum Benin City
30%
The oldest Western-style university in West Africa was established in this national capital in 1827 Freetown
30%
Congolese city on Lake Kivu that was flooded by Rwandan refugees in 1994 Goma
30%
No matching quizzes found
Score Distribution
Percent of People with Each Score
Percentile by Number Answered
Your Score History
You have not taken this quiz